header

Pipelines and risers (Record no. 59087)

MARC details
000 -LEADER
fixed length control field 01331nam a22003494a 4500
082 04 - DEWEY DECIMAL CLASSIFICATION NUMBER
Classification number 665.5/44
100 1# - MAIN ENTRY--AUTHOR NAME
Personal name Bai, Yong.
245 10 - TITLE STATEMENT
Title Pipelines and risers
250 ## - EDITION STATEMENT
Edition statement 1st ed.
260 ## - PUBLICATION, DISTRIBUTION, ETC. (IMPRINT)
Place of publication Amsterdam ;
-- New York :
Name of publisher Elsevier,
Year of publication 2001.
300 ## - PHYSICAL DESCRIPTION
Number of Pages xxi, 498 p. :
Other physical details ill.
490 1# - SERIES STATEMENT
Series statement Elsevier ocean engineering book series ;
650 #0 - SUBJECT ADDED ENTRY--TOPICAL TERM
Topical Term Offshore structures
Topical Term Underwater pipelines
856 40 - ELECTRONIC LOCATION AND ACCESS
Uniform Resource Identifier http://site.ebrary.com/lib/rucke/Doc?id=10041453

No items available.

© 2026 Rongo University
Contact us: librarian | system librarian | Rongo university